Panasonic Products and Technology Quiz Stats

 Plays Quiz not verified by Sporcle

Challenge
Share
Tweet
Embed
Score 0/21 Timer 03:00
0 Plays Today
Question Answer % Correct
What does LCD stand for?liquid crystal display
83.3%
What does HD stand for?high definition
83.3%
A digital audio cable?optical
83.3%
Can the DMR-PWT520 record to a Blu-ray disc?no
75%
Name for Panasonic Still Cameras?lumix
66.7%
Lens used in Panasonic cameras?leica
66.7%
A term used for transfer from HDD to DVDdubbing
66.7%
What is the largest size Hard Drive on a Panasonic Recorder1tb
66.7%
Who is behind THX mode?george lucas
66.7%
A form of Plasma Technology?neo plasma
50%
What does DLNA stand for?digital living network alliance
50%
Question Answer % Correct
What does HDMI stand for?high definition multimedia interface
50%
Technology inside the Panasonic Microwaves?inverter
50%
What name do Panasonic give their recorders?diga
50%
The wide angle panel on Panasonic LED TVs is? (3 letters)ips
50%
What is the largest size GB SD card that Panasonic make?64
50%
Number of HDMI sockets on a TX-L42DT50?4
33.3%
What is Panasonic's shop called online?eshop
25%
What is the smallest Panasonic TV?19
25%
How many internal cables are inside a Plasma power lead?3
0%
How many years warranty do Panasonic offer on promotion?5
0%

You're not logged in!

Compare scores with friends on all Sporcle quizzes.
OR
Log In

You Might Also Like...

Show Comments

Extras

Created Sep 19, 2012ReportNominate
Tags:product, technology

Top Quizzes Today


Score Distribution

Your Account Isn't Verified!

In order to create a playlist on Sporcle, you need to verify the email address you used during registration. Go to your Sporcle Settings to finish the process.

Report this User

Report this user for behavior that violates our Community Guidelines.

Details: